000 00393nam a2200157Ia 4500
003 0STCL
008 150530s9999 xx 000 0 und d
040 _aSTCL
_cSTCL
100 _aMythili, S; Kadambari, V.
245 _aFlorets : A Collection of Short Stories
260 _bPublication Division
_c2005
546 _aEnglish
942 _2ddc
_cBK
999 _c58305
_d58305
005 20220125171044.0